[Event "2BLS 1819 SC Heusenstamm - FB Mörlenba"]
[Site "?"]
[Date "2018.12.16"]
[Round "4.8"]
[White "Benninger, Rudolf"]
[Black "Schoebel-Kroehn, Lucas"]
[Result "1-0"]
[WhiteElo "1999"]
[BlackElo "1972"]
[PlyCount "87"]
[EventDate "2018.??.??"]

1. e4 c5 2. c3 Nf6 3. e5 Nd5 4. d4 cxd4 5. cxd4 e6 6. Nc3 d6 7. Nxd5 exd5 8. f4
Nc6 9. Nf3 Be7 10. Be2 Qb6 11. O-O Bg4 12. Kh1 O-O 13. h3 Bf5 14. b3 Nb4 15. a3
Nc6 16. b4 Rfc8 17. Bb2 Nd8 18. Bd3 Be4 19. Qe2 Bxd3 20. Qxd3 Rc4 21. Rac1 Rac8
22. f5 Bf8 23. Rxc4 dxc4 24. Qe4 c3 25. Bc1 Qb5 26. Kg1 dxe5 27. dxe5 Rc4 28.
Qe1 a5 29. e6 fxe6 30. Ne5 axb4 31. axb4 Qxb4 32. Nxc4 Qxc4 33. fxe6 Nxe6 34.
Kh1 b5 35. Qf2 b4 36. Qf7+ Kh8 37. Re1 Qc7 38. Qxe6 h6 39. Qb3 Qg3 40. Re8 Qd6
41. Qf7 Qd1+ 42. Kh2 Kh7 43. Qf5+ g6 44. Qf7+ 1-0

[Event "2BLS 1819 SV Griesheim - SG Speyer-Schw"]
[Site "?"]
[Date "2018.12.16"]
[Round "4.1"]
[White "Abasov, Nijat"]
[Black "Grabarczyk, Miroslaw"]
[Result "1-0"]
[WhiteElo "2635"]
[BlackElo "2368"]
[PlyCount "51"]
[EventDate "2018.??.??"]

1. e4 e5 2. Nf3 Nf6 3. Nxe5 d6 4. Nf3 Nxe4 5. d4 Nf6 6. Bd3 Bg4 7. Qe2+ Be7 8.
Bg5 Nbd7 9. h3 Bxf3 10. Qxf3 c6 11. Nc3 O-O 12. O-O-O d5 13. g4 Re8 14. Be3 Nf8
15. h4 b5 16. g5 N6d7 17. Rdg1 Nb6 18. h5 Nc4 19. g6 fxg6 20. hxg6 hxg6 21.
Bxg6 Nxg6 22. Rxg6 Nxe3 23. Rhg1 Bf8 24. Rh6 Ng2 25. Qxg2 Qc7 26. Nxd5 1-0

[Event "2BLS 1819 SV Griesheim - SG Speyer-Schw"]
[Site "?"]
[Date "2018.12.16"]
[Round "4.2"]
[White "Jarmula, Lukasz"]
[Black "Pavlidis, Antonios"]
[Result "1-0"]
[WhiteElo "2481"]
[BlackElo "2537"]
[PlyCount "67"]
[EventDate "2018.??.??"]

1. d4 Nf6 2. c4 g6 3. Nc3 Bg7 4. e4 d6 5. Be2 O-O 6. Nf3 Na6 7. O-O e5 8. Be3
Qe7 9. d5 Ng4 10. Bg5 f6 11. Bh4 c5 12. h3 Nh6 13. Nd2 Bd7 14. a3 Nf7 15. Bg4
h5 16. Bxd7 Qxd7 17. Rb1 Nh6 18. Bg3 Qe7 19. Kh1 f5 20. exf5 Nxf5 21. Bh2 Bh6
22. Nde4 Bf4 23. g3 Bh6 24. g4 hxg4 25. Qxg4 Kh7 26. Rg1 Rg8 27. Rbe1 Raf8 28.
f4 exf4 29. Bxf4 Qh4 30. Bg5 Qxg4 31. hxg4 Nd4 32. Nf6+ Kh8 33. Re7 Bg7 34. Kg2
1-0

[Event "2BLS 1819 SV Griesheim - SG Speyer-Schw"]
[Site "?"]
[Date "2018.12.16"]
[Round "4.3"]
[White "Neiksans, Arturs"]
[Black "Tazbir, Marcin"]
[Result "1/2-1/2"]
[WhiteElo "2553"]
[BlackElo "2532"]
[PlyCount "95"]
[EventDate "2018.??.??"]

1. e4 e5 2. Nf3 Nc6 3. Bc4 Nf6 4. d3 Be7 5. O-O O-O 6. Re1 d6 7. a4 Kh8 8. h3
Ng8 9. Nc3 f5 10. Nd5 fxe4 11. dxe4 Nf6 12. Ng5 Nxd5 13. Nxh7 Rf4 14. g3 Qe8
15. Qxd5 Nd4 16. Bxf4 Kxh7 17. Be3 Be6 18. Qxe6 Nxe6 19. Bxe6 Bg5 20. Bf5+ Kh6
21. Bxg5+ Kxg5 22. Re3 g6 23. h4+ Kh6 24. Bg4 Qe7 25. Kg2 Rf8 26. b3 Qf7 27. f3
Qe8 28. Rc3 Rf7 29. Rd1 Re7 30. Rcd3 Qc6 31. R3d2 Qc3 32. Re2 a6 33. Rh1 Rf7
34. h5 g5 35. Rd1 Rf8 36. Rd3 Qb4 37. c4 b6 38. Rc2 Qe1 39. Rcd2 Qc1 40. Rd1
Qc2+ 41. R1d2 Qc1 42. Bf5 a5 43. g4 Rf6 44. Rd5 Kg7 45. R5d3 Kh6 46. Rd1 Qc2+
47. R1d2 Qc1 48. Rd1 1/2-1/2

[Event "2BLS 1819 SV Griesheim - SG Speyer-Schw"]
[Site "?"]
[Date "2018.12.16"]
[Round "4.4"]
[White "Walter, Stefan"]
[Black "Meshkovs, Nikita"]
[Result "1/2-1/2"]
[WhiteElo "2405"]
[BlackElo "2542"]
[PlyCount "95"]
[EventDate "2018.??.??"]

1. d4 Nf6 2. Nf3 e6 3. Bg5 c5 4. c3 Nc6 5. e3 d5 6. Nbd2 Be7 7. Bd3 Qb6 8. Rb1
h6 9. Bxf6 gxf6 10. O-O Bd7 11. Qe2 cxd4 12. exd4 h5 13. b4 Qc7 14. a3 Qf4 15.
Nb3 b6 16. c4 dxc4 17. Bxc4 Rc8 18. Rfd1 Bd6 19. Rbc1 Ne7 20. Nbd2 Bc6 21. Bb5
O-O 22. Bxc6 Nxc6 23. Qa6 Rc7 24. g3 Qg4 25. Kg2 Rd8 26. Nc4 Bf4 27. Ne3 Bxe3
28. fxe3 Qe4 29. Qd3 Qxd3 30. Rxd3 Nxb4 31. Rxc7 Nxd3 32. Rxa7 Rc8 33. e4 Rc2+
34. Kg1 Nf2 35. e5 Nh3+ 36. Kh1 f5 37. d5 exd5 38. Nd4 Rd2 39. Nxf5 Ng5 40. Nh4
d4 41. Rd7 d3 42. Kg1 b5 43. Rd4 Nh3+ 44. Kf1 Rf2+ 45. Ke1 Re2+ 46. Kf1 Rf2+
47. Ke1 Re2+ 48. Kf1 1/2-1/2

[Event "2BLS 1819 SV Griesheim - SG Speyer-Schw"]
[Site "?"]
[Date "2018.12.16"]
[Round "4.5"]
[White "Kantans, Toms"]
[Black "Baskin, Robert"]
[Result "1/2-1/2"]
[WhiteElo "2528"]
[BlackElo "2364"]
[PlyCount "41"]
[EventDate "2018.??.??"]

1. e4 c6 2. d4 d5 3. Nc3 dxe4 4. Nxe4 Bf5 5. Ng3 Bg6 6. Nh3 e6 7. Nf4 Qc7 8. c3
Bd6 9. Qf3 Nf6 10. h4 Nbd7 11. h5 Bc2 12. h6 g6 13. Bd3 Bxd3 14. Nxd3 O-O 15.
Bg5 Nd5 16. O-O f5 17. c4 N5f6 18. Nf4 Rae8 19. c5 Bxf4 20. Bxf4 e5 21. dxe5
1/2-1/2

[Event "2BLS 1819 SV Griesheim - SG Speyer-Schw"]
[Site "?"]
[Date "2018.12.16"]
[Round "4.7"]
[White "Yankelevich, Lev"]
[Black "Grimm, Julius"]
[Result "1/2-1/2"]
[WhiteElo "2441"]
[BlackElo "2310"]
[PlyCount "69"]
[EventDate "2018.??.??"]

1. Nf3 d5 2. d4 Nf6 3. c4 e6 4. g3 Be7 5. Bg2 O-O 6. O-O dxc4 7. Ne5 Nc6 8.
Bxc6 bxc6 9. Nxc6 Qe8 10. Nxe7+ Qxe7 11. b3 Rd8 12. bxc4 c5 13. Ba3 Qc7 14.
Bxc5 Ne4 15. Qb3 Nxc5 16. dxc5 Qxc5 17. Nc3 Ba6 18. Nb5 Rac8 19. Rfd1 Rxd1+ 20.
Rxd1 h6 21. Qa4 Bb7 22. Nd6 Bc6 23. Nb5 a6 24. Qa3 Qxc4 25. Nd6 Qxe2 26. Rc1
Rd8 27. Rxc6 Qd1+ 28. Kg2 Qd5+ 29. Qf3 Rxd6 30. Qxd5 Rxd5 31. Rxa6 Rd2 32. Ra8+
Kh7 33. h4 h5 34. Kf3 Kg6 35. Ke3 1/2-1/2

[Event "2BLS 1819 SV Griesheim - SG Speyer-Schw"]
[Site "?"]
[Date "2018.12.16"]
[Round "4.8"]
[White "Koehler, Ronald"]
[Black "Flierl, Pascal"]
[Result "1/2-1/2"]
[WhiteElo "2259"]
[BlackElo "2203"]
[PlyCount "89"]
[EventDate "2018.??.??"]

1. d4 Nf6 2. c4 e6 3. Nf3 b6 4. a3 Bb7 5. Nc3 Be7 6. d5 O-O 7. e4 d6 8. Be2 e5
9. b4 Nbd7 10. O-O Re8 11. Nd2 c6 12. dxc6 Bxc6 13. f3 a5 14. Nb3 Qc7 15. Be3
axb4 16. axb4 Rxa1 17. Qxa1 Ra8 18. Qb2 Ra7 19. Na1 Qc8 20. Bd1 Qa6 21. Bb3 Qa3
22. Qxa3 Rxa3 23. Rd1 Ra8 24. Nc2 Kf8 25. Kf2 Bd8 26. Bc1 Be7 27. Na3 Ne8 28.
Ke2 Bd8 29. Nab5 Ke7 30. Be3 Nc7 31. Nxc7 Bxc7 32. Kd2 h6 33. Kc2 Nf6 34. Kb2
Nd7 35. Ra1 Rxa1 36. Kxa1 Kd8 37. Kb2 Kc8 38. Ka3 Nf6 39. c5 bxc5 40. bxc5 Be8
41. Nd5 Nd7 42. Ne7+ Kd8 43. Nc6+ Kc8 44. Ne7+ Kd8 45. Nc6+ 1/2-1/2

[Event "2BLS 1819 SC Eppingen - SG Speyer-Schwe"]
[Site "?"]
[Date "2019.02.02"]
[Round "5.1"]
[White "Oleksiyenko, Mykhaylo"]
[Black "Noe, Christopher"]
[Result "1/2-1/2"]
[WhiteElo "2592"]
[BlackElo "2531"]
[PlyCount "105"]
[EventDate "2019.??.??"]

1. e4 e5 2. Nf3 Nc6 3. Bb5 a6 4. Bxc6 dxc6 5. O-O Bd6 6. d4 exd4 7. Qxd4 f6 8.
Qc4 Qe7 9. Qb3 Qf7 10. Nbd2 Ne7 11. Nc4 O-O 12. Nxd6 Qxb3 13. axb3 cxd6 14. Be3
d5 15. e5 fxe5 16. Nxe5 Bf5 17. c3 Ng6 18. Nxg6 Bxg6 19. b4 Rae8 20. Rfe1 Re6
21. Bd4 Rfe8 22. Re3 Rxe3 23. Bxe3 Kf7 24. Re1 Re5 25. f3 d4 26. cxd4 Rb5 27.
Bd2 a5 28. Re5 Rxe5 29. dxe5 axb4 30. Bxb4 Bd3 31. Kf2 Ke6 32. Ke3 Bf1 33. g4
g6 34. Kf4 Be2 35. Bc5 Bd1 36. h3 Be2 37. Bd4 Bf1 38. h4 Be2 39. b4 h5 40. Bb6
Bd1 41. Bc7 Be2 42. gxh5 gxh5 43. Ke4 Bd1 44. f4 Bc2+ 45. Kd4 b5 46. Bd8 Bf5
47. Bg5 Kd7 48. Kc5 Bg4 49. Bh6 Bf5 50. e6+ Bxe6 51. Kd4 Ke7 52. Ke5 Kf7 53. f5
1/2-1/2

[Event "2BLS 1819 SC Eppingen - SG Speyer-Schwe"]
[Site "?"]
[Date "2019.02.02"]
[Round "5.2"]
[White "Mesaros, Florian"]
[Black "Pavlidis, Antonios"]
[Result "1/2-1/2"]
[WhiteElo "2442"]
[BlackElo "2533"]
[PlyCount "55"]
[EventDate "2019.??.??"]

1. d4 Nf6 2. c4 e6 3. Nc3 Bb4 4. e3 b6 5. Nge2 Ne4 6. Qc2 Bb7 7. a3 Bxc3+ 8.
Nxc3 Nxc3 9. Qxc3 O-O 10. Bd3 Qh4 11. Bd2 Bxg2 12. Rg1 Be4 13. d5 Bg6 14. O-O-O
Na6 15. f4 Nc5 16. Bc2 f5 17. b4 Ne4 18. Bxe4 fxe4 19. dxe6 dxe6 20. Qe5 Qe7
21. Bc3 Rf5 22. Qxe4 Rd5 23. Qg2 Rxd1+ 24. Rxd1 Rd8 25. Rxd8+ Qxd8 26. Qd2 Qd3
27. Qxd3 Bxd3 28. c5 1/2-1/2

[Event "2BLS 1819 SC Eppingen - SG Speyer-Schwe"]
[Site "?"]
[Date "2019.02.02"]
[Round "5.3"]
[White "Neiksans, Arturs"]
[Black "Medvegy, Zoltan"]
[Result "1-0"]
[WhiteElo "2552"]
[BlackElo "2544"]
[PlyCount "105"]
[EventDate "2019.??.??"]

1. e4 e6 2. d4 d5 3. Nd2 Be7 4. Bd3 c5 5. dxc5 Nf6 6. Qe2 O-O 7. Ngf3 a5 8. O-O
Na6 9. e5 Nd7 10. c3 Naxc5 11. Bc2 b5 12. Nd4 Qc7 13. Re1 Ba6 14. Qe3 f5 15. b4
axb4 16. cxb4 Nb7 17. Bd3 Nd8 18. a3 Qc3 19. Rb1 Nxe5 20. Rb3 Qc7 21. Qxe5 Qxe5
22. Rxe5 Bf6 23. N2f3 Bxe5 24. Nxe5 Nf7 25. Nd7 Rfd8 26. Nc5 e5 27. Nxf5 g6 28.
Nh6+ Nxh6 29. Bxh6 e4 30. Bb1 Bc8 31. Ba2 Kf7 32. f3 Kf6 33. Bc1 Bf5 34. g4 Be6
35. Bg5+ Kxg5 36. Nxe6+ Kf6 37. Nxd8 Rxd8 38. Kf2 Ke5 39. Bb1 Kf4 40. Re3 Re8
41. fxe4 dxe4 42. h3 Re5 43. Ke2 h5 44. gxh5 gxh5 45. h4 Re7 46. Bc2 Re6 47.
Kf2 Re8 48. Bd3 Re5 49. Be2 Rd5 50. Rc3 Rd2 51. Ke1 e3 52. Bxb5 Rh2 53. Bc6 1-0

[Event "2BLS 1819 SC Eppingen - SG Speyer-Schwe"]
[Site "?"]
[Date "2019.02.02"]
[Round "5.4"]
[White "Guliyev, Namig"]
[Black "Meshkovs, Nikita"]
[Result "0-1"]
[WhiteElo "2533"]
[BlackElo "2557"]
[PlyCount "150"]
[EventDate "2019.??.??"]

1. e4 e5 2. Nf3 Nc6 3. Bb5 a6 4. Ba4 Nf6 5. O-O Nxe4 6. d4 b5 7. Bb3 d5 8. dxe5
Be6 9. c3 Be7 10. Re1 Nc5 11. Bc2 Bg4 12. h3 Bh5 13. Nbd2 d4 14. Nb3 d3 15. Bb1
Nxb3 16. axb3 Bg6 17. b4 O-O 18. Bf4 a5 19. bxa5 Rxa5 20. Rxa5 Nxa5 21. Nd4 Nc4
22. b3 b4 23. bxc4 bxc3 24. Nc6 c2 25. Bxc2 dxc2 26. Qd5 Qe8 27. Bc1 Bf5 28.
Re2 h6 29. g4 Be6 30. Qe4 Bc5 31. Rxc2 Qa8 32. Be3 Bd7 33. Bxc5 Bxc6 34. Qe1
Rd8 35. Kh2 Ba4 36. Rc1 Be8 37. Qg1 Qa5 38. Be3 Qxe5+ 39. Qg3 Qe4 40. Rg1 Qxc4
41. g5 h5 42. g6 f6 43. Qf4 Qxf4+ 44. Bxf4 c5 45. Re1 h4 46. Bc7 Rc8 47. f4 Bc6
48. Rd1 c4 49. Ba5 Be4 50. Rc1 Bxg6 51. Re1 Bf7 52. Re3 g5 53. fxg5 fxg5 54.
Bd2 Rc5 55. Bc3 Rf5 56. Kg1 Bd5 57. Re7 Bf7 58. Ra7 Kh7 59. Kg2 Kg6 60. Ra6+
Kh5 61. Rd6 Rd5 62. Rb6 Rd3 63. Bg7 Bd5+ 64. Kh2 Rd2+ 65. Kg1 g4 66. Rh6+ Kg5
67. hxg4 Kxg4 68. Rg6+ Kh3 69. Bf6 Be4 70. Rh6 Rg2+ 71. Kf1 Bd3+ 72. Ke1 Re2+
73. Kd1 c3 74. Rxh4+ Kg3 75. Rd4 c2+ 0-1

[Event "2BLS 1819 SC Eppingen - SG Speyer-Schwe"]
[Site "?"]
[Date "2019.02.02"]
[Round "5.5"]
[White "Kantans, Toms"]
[Black "Ruck, Robert"]
[Result "0-1"]
[WhiteElo "2520"]
[BlackElo "2513"]
[PlyCount "94"]
[EventDate "2019.??.??"]

1. e4 c6 2. d4 d5 3. e5 Bf5 4. Nd2 e6 5. Nb3 Nd7 6. Nf3 h5 7. Be2 Be7 8. O-O
Nh6 9. Bd2 Bg6 10. a4 Nf5 11. a5 O-O 12. c4 dxc4 13. Bxc4 c5 14. Qe2 cxd4 15.
Rac1 Nc5 16. Nxc5 Bxc5 17. Ne1 Be7 18. Nd3 Bg5 19. b4 Rc8 20. Rfd1 Bxd2 21.
Qxd2 Kh7 22. Nf4 Qd7 23. Qe2 Qe7 24. Nxh5 Qg5 25. Ng3 Nxg3 26. hxg3 Rfd8 27.
Qe1 Kg8 28. f4 Qe7 29. g4 d3 30. Qd2 Qh4 31. f5 Bxf5 32. gxf5 Rxc4 33. Rxc4
Qxc4 34. fxe6 fxe6 35. Qg5 Qd4+ 36. Kh1 d2 37. b5 Rd5 38. Kh2 Qxe5+ 39. Qxe5
Rxe5 40. Rxd2 Rxb5 41. Rd7 a6 42. Kg3 Kh7 43. Re7 Rxa5 44. Rxb7 Kg6 45. Rb8 Ra1
46. Kf4 a5 47. Ra8 a4 0-1

[Event "2BLS 1819 SC Eppingen - SG Speyer-Schwe"]
[Site "?"]
[Date "2019.02.02"]
[Round "5.6"]
[White "Bilchinski, Anton"]
[Black "Shytaj, Luca"]
[Result "0-1"]
[WhiteElo "2318"]
[BlackElo "2480"]
[PlyCount "248"]
[EventDate "2019.??.??"]

1. d4 Nf6 2. c4 e6 3. Nc3 Bb4 4. Qc2 Nc6 5. Nf3 d6 6. a3 Bxc3+ 7. Qxc3 a5 8. g3
Qe7 9. Bg2 e5 10. d5 Nb8 11. Bg5 a4 12. Bxf6 Qxf6 13. e4 Na6 14. O-O Nc5 15.
Nd2 h5 16. b4 axb3 17. Nxb3 Nxb3 18. Qxb3 b6 19. f4 h4 20. Qc3 hxg3 21. hxg3
Ra5 22. Rab1 Bd7 23. fxe5 Qxe5 24. Qxe5+ dxe5 25. d6 cxd6 26. Rxb6 Ke7 27. Rd1
Rxa3 28. Rbxd6 Be6 29. R6d3 Rxd3 30. Rxd3 Bxc4 31. Rc3 Be6 32. Kf2 Rb8 33. Ke3
Rb4 34. Bf3 g6 35. Be2 Kd6 36. Bf3 Bc4 37. Bg2 Ra4 38. Bh3 Bb5 39. Bg2 Rd4 40.
Bf3 Bc6 41. Ra3 Rc4 42. Rd3+ Kc5 43. Ra3 Kb4 44. Rd3 f5 45. exf5 Bxf3 46. f6
Bh5 47. f7 Rc8 48. Rd5 Rf8 49. Rxe5 Bd1 50. Re6 Bc2 51. Rf6 Kc5 52. Kf4 Kd5 53.
g4 Be4 54. g5 Bb1 55. Ke3 Ke5 56. Kf3 Bf5 57. Ke3 Be4 58. Kf2 Bd5 59. Rxg6
Rxf7+ 60. Kg3 Rf1 61. Rf6 Rg1+ 62. Kh4 Be4 63. Kh5 Bf5 64. Kh6 Rh1+ 65. Kg7
Rh7+ 66. Kf8 Rc7 67. Rf7 Rc6 68. Rf6 Be6 69. Kg7 Rc7+ 70. Kg6 Rc8 71. Kh7 Bf5+
72. Kg7 Kf4 73. g6 Kg5 74. Rf7 Rc6 75. Ra7 Rxg6+ 76. Kf7 Rh6 77. Ra1 Rh7+ 78.
Kg8 Rd7 79. Kf8 Kf6 80. Rf1 Rh7 81. Rg1 Rh2 82. Rg3 Rh8+ 83. Rg8 Rh7 84. Rg1
Rd7 85. Re1 Rf7+ 86. Ke8 Rc7 87. Kf8 Ra7 88. Re2 Rb7 89. Re1 Bd3 90. Re3 Rd7
91. Rf3+ Bf5 92. Re3 Bg4 93. Re1 Rf7+ 94. Kg8 Rc7 95. Kf8 Bf3 96. Ke8 Rc3 97.
Kd7 Bg4+ 98. Kd6 Ra3 99. Kc5 Be6 100. Rf1+ Ke7 101. Re1 Ra5+ 102. Kc6 Ra4 103.
Re5 Ra8 104. Rh5 Rc8+ 105. Kb5 Kd6 106. Kb4 Rg8 107. Kc3 Rg4 108. Kd3 Bd5 109.
Ke3 Re4+ 110. Kf2 Kc5 111. Rh8 Kd4 112. Rb8 Rf4+ 113. Kg3 Rf1 114. Re8 Be4 115.
Rb8 Ke3 116. Rb3+ Bd3 117. Ra3 Rg1+ 118. Kh3 Rg7 119. Rb3 Ke4 120. Kh2 Be2 121.
Ra3 Kf4 122. Rb3 Bf3 123. Rb4+ Be4 124. Ra4 Rg2+ 0-1

[Event "2BLS 1819 SC Eppingen - SG Speyer-Schwe"]
[Site "?"]
[Date "2019.02.02"]
[Round "5.7"]
[White "Commercon, Simon"]
[Black "Hacker, Jonas"]
[Result "0-1"]
[WhiteElo "2258"]
[BlackElo "2372"]
[PlyCount "136"]
[EventDate "2019.??.??"]

1. d4 d5 2. c4 e6 3. Nc3 Bb4 4. a3 Bxc3+ 5. bxc3 Nf6 6. e3 O-O 7. Nf3 c5 8.
cxd5 exd5 9. Bd3 c4 10. Bc2 Bg4 11. h3 Bh5 12. Rb1 Qe7 13. Bd2 Nc6 14. Qc1 Bg6
15. O-O Bxc2 16. Qxc2 Na5 17. Ne5 Qxa3 18. Bc1 Qd6 19. Qa4 Qc7 20. Ba3 Rfe8 21.
Qc2 Nc6 22. Nf3 a6 23. Rfe1 Ne4 24. Nh2 Qa5 25. Bb2 f5 26. Nf1 b5 27. f3 Nd6
28. Ng3 b4 29. cxb4 Nxb4 30. Qd2 Nc6 31. Bc3 Qc7 32. Nh5 Nb5 33. Ba1 Qf7 34.
Nf4 Rad8 35. Qa2 Ra8 36. h4 Red8 37. Qf2 Na5 38. Kh2 Nb3 39. Rg1 a5 40. g4 a4
41. Rg2 fxg4 42. Rxg4 Rd7 43. Rbg1 Nxa1 44. Rxa1 Nxd4 45. exd4 h5 46. Nxh5 Qxh5
47. Rag1 Rf8 48. R1g3 a3 49. Qe3 Qe8 50. Qxa3 Qe2+ 51. Rg2 Qxf3 52. Qc1 Qf6 53.
Qe1 Qd6+ 54. Kh1 Re7 55. Qg1 Qh6 56. Rf2 Rxf2 57. Qxf2 Qc1+ 58. Kh2 Qd1 59. Rg2
Re1 60. Kg3 Rf1 61. Qe2 Qxe2 62. Rxe2 Rd1 63. Kf4 Rxd4+ 64. Ke5 Re4+ 65. Rxe4
dxe4 66. Kxe4 Kh7 67. Kd4 Kh6 68. Kxc4 Kh5 0-1

[Event "2BLS 1819 SC Eppingen - SG Speyer-Schwe"]
[Site "?"]
[Date "2019.02.02"]
[Round "5.8"]
[White "Mann, Christian"]
[Black "Flierl, Pascal"]
[Result "1/2-1/2"]
[WhiteElo "2401"]
[BlackElo "2205"]
[PlyCount "47"]
[EventDate "2019.??.??"]

1. c4 Nf6 2. g3 e6 3. Bg2 d5 4. Nf3 Be7 5. O-O c6 6. b3 O-O 7. Bb2 b6 8. d3 Bb7
9. Nbd2 c5 10. Qc2 Nc6 11. Rad1 Qc7 12. d4 Nxd4 13. Nxd4 cxd4 14. Bxd4 Rac8 15.
Qb2 dxc4 16. Nxc4 Bxg2 17. Kxg2 b5 18. Ne5 Bc5 19. Bxc5 Qxc5 20. Rc1 Qd5+ 21.
f3 Qb7 22. Rxc8 Rxc8 23. Rc1 h6 24. Rxc8+ 1/2-1/2

[Event "2BLS 1819 SF Bad Mergentheim - FB Mörl"]
[Site "?"]
[Date "2019.02.02"]
[Round "5.1"]
[White "Danin, Alexandre"]
[Black "Rakotomaharo, Fy Antenaina"]
[Result "1-0"]
[WhiteElo "2522"]
[BlackElo "2425"]
[PlyCount "60"]
[EventDate "2019.??.??"]

1. e4 c5 2. Nf3 d6 3. d4 cxd4 4. Nxd4 Nf6 5. Nc3 a6 6. Be2 e5 7. Nb3 Be7 8. Bg5
Be6 9. Bxf6 Bxf6 10. Nd5 Nd7 11. Bg4 Rc8 12. c3 O-O 13. O-O Bg5 14. h3 a5 15.
a4 g6 16. Be2 f5 17. Bb5 Nf6 18. Nxf6+ Rxf6 19. Nd2 Qb6 20. Nf3 Bf4 21. Qe2
fxe4 22. Qxe4 d5 23. Qe2 e4 24. Nd4 Bb8 25. Nxe6 Qxe6 26. Rad1 Qe5 27. g3 Rf3
28. Bd7 Rc5 29. Bg4 Rf6 30. f4 Qe7 1-0

[Event "2BLS 1819 SF Bad Mergentheim - FB Mörl"]
[Site "?"]
[Date "2019.02.02"]
[Round "5.2"]
[White "Karpatchev, Aleksandr"]
[Black "Kunin, Vitaly"]
[Result "1-0"]
[WhiteElo "2399"]
[BlackElo "2544"]
[PlyCount "133"]
[EventDate "2019.??.??"]

1. e4 d6 2. d4 Nf6 3. Nc3 Nbd7 4. Nf3 e5 5. Bc4 Be7 6. O-O O-O 7. a4 c6 8. h3
Qa5 9. Re1 b5 10. Bb3 b4 11. Nb1 Qc7 12. Nbd2 exd4 13. Nxd4 Nc5 14. Qf3 Nxb3
15. N2xb3 Nd7 16. Bf4 Ne5 17. Bxe5 dxe5 18. Nf5 g6 19. Nxe7+ Qxe7 20. Qe3 Be6
21. Nc5 Rad8 22. Rad1 Bc8 23. b3 Rd6 24. Rxd6 Qxd6 25. Nd3 Be6 26. Rd1 Qd4 27.
Qxd4 exd4 28. Nxb4 Rc8 29. Nd3 c5 30. Nf4 g5 31. Nxe6 fxe6 32. e5 Kf7 33. Rd3
Rd8 34. Rf3+ Ke7 35. Rg3 h6 36. h4 Rg8 37. hxg5 hxg5 38. Rg4 a5 39. g3 Kf7 40.
Kg2 Kg6 41. f4 d3 42. cxd3 Rd8 43. Rxg5+ Kh6 44. Kh3 Rb8 45. Kg4 Rd8 46. Kh4
Rb8 47. g4 Rb4 48. f5 exf5 49. Rxf5 Rxb3 50. e6 Rxd3 51. Re5 Rd8 52. Rxc5 Re8
53. Re5 Kg6 54. g5 Kg7 55. Kh5 Rh8+ 56. Kg4 Kf8 57. Rxa5 Ke7 58. Kf5 Rf8+ 59.
Ke5 Ra8 60. Rb5 Rxa4 61. Rb7+ Ke8 62. g6 Ra1 63. g7 Rg1 64. Kf4 Rf1+ 65. Ke3
Rg1 66. g8=Q+ Rxg8 67. Rb8+ 1-0

[Event "2BLS 1819 SF Bad Mergentheim - FB Mörl"]
[Site "?"]
[Date "2019.02.02"]
[Round "5.3"]
[White "Galdunts, Sergey"]
[Black "Ikonnikov, Vyacheslav"]
[Result "1/2-1/2"]
[WhiteElo "2415"]
[BlackElo "2544"]
[PlyCount "21"]
[EventDate "2019.??.??"]

1. e4 c5 2. Nf3 Nc6 3. Nc3 e5 4. Bc4 Be7 5. d3 d6 6. Nd5 Nf6 7. c3 O-O 8. h3
Nxd5 9. Bxd5 Be6 10. Bxe6 fxe6 11. O-O 1/2-1/2

[Event "2BLS 1819 SF Bad Mergentheim - FB Mörl"]
[Site "?"]
[Date "2019.02.02"]
[Round "5.4"]
[White "Panzalovic, Srdjan"]
[Black "Dittmar, Peter"]
[Result "1/2-1/2"]
[WhiteElo "2427"]
[BlackElo "2226"]
[PlyCount "45"]
[EventDate "2019.??.??"]

1. Nf3 d5 2. d4 Nf6 3. c4 e6 4. g3 dxc4 5. Qa4+ Nbd7 6. Qxc4 a6 7. a4 b5 8. Qb3
Bb7 9. Bg2 c5 10. axb5 axb5 11. Rxa8 Qxa8 12. dxc5 Qa4 13. Qxa4 bxa4 14. Nc3
Nxc5 15. Be3 Ng4 16. Bxc5 Bxc5 17. O-O Bc6 18. h3 Nf6 19. Ne5 Bxg2 20. Kxg2 Bd4
21. Nc4 Bxc3 22. bxc3 Ke7 23. Nb6 1/2-1/2

[Event "2BLS 1819 SF Bad Mergentheim - FB Mörl"]
[Site "?"]
[Date "2019.02.02"]
[Round "5.5"]
[White "Legde, Georg"]
[Black "Gasthofer, Alexander"]
[Result "1/2-1/2"]
[WhiteElo "2318"]
[BlackElo "2417"]
[PlyCount "26"]
[EventDate "2019.??.??"]

1. d4 d5 2. c4 dxc4 3. e3 e5 4. Bxc4 exd4 5. exd4 Bd6 6. Nc3 Nf6 7. Nf3 O-O 8.
O-O Nc6 9. h3 h6 10. Re1 Re8 11. Rxe8+ Qxe8 12. Nb5 Qe7 13. Be3 Bf5 1/2-1/2

[Event "2BLS 1819 SF Bad Mergentheim - FB Mörl"]
[Site "?"]
[Date "2019.02.02"]
[Round "5.6"]
[White "Reinhardt, Bernd"]
[Black "Boehmer, Christian"]
[Result "1-0"]
[WhiteElo "2159"]
[BlackElo "2163"]
[PlyCount "93"]
[EventDate "2019.??.??"]

1. d4 Nf6 2. Nf3 g6 3. Bf4 Bg7 4. e3 d6 5. h3 b6 6. Be2 Bb7 7. O-O Nbd7 8. Nbd2
e6 9. a4 a5 10. c3 Qe7 11. Nc4 Ne4 12. Bh2 f5 13. Na3 O-O 14. Nb5 Ndf6 15. Ne1
Nd5 16. Nd3 Rad8 17. Qe1 Ng5 18. Bg3 Ne4 19. Bh2 Bh6 20. c4 Ndf6 21. b4 Ra8 22.
Bd1 Ng5 23. f3 Nf7 24. Bb3 Kh8 25. c5 Bd5 26. Bxd5 Nxd5 27. e4 Ne3 28. Rf2 axb4
29. cxb6 cxb6 30. Re2 fxe4 31. fxe4 Nc4 32. Qxb4 Rfc8 33. e5 Ne3 34. Nxd6 Rc2
35. Rae1 Nd5 36. Qb3 Rc3 37. Qd1 Nd8 38. Kh1 Nc6 39. Rf2 Nxd4 40. Nf7+ Kg7 41.
Nxh6 Kxh6 42. Nf4 Qc5 43. Nxd5 exd5 44. Bg1 Qc4 45. Rf4 Rd3 46. Qg4 Qc3 47.
Qh4+ 1-0

[Event "2BLS 1819 SF Bad Mergentheim - FB Mörl"]
[Site "?"]
[Date "2019.02.02"]
[Round "5.7"]
[White "Felgendreher, Heiko"]
[Black "Gasthofer, Viktor"]
[Result "1/2-1/2"]
[WhiteElo "2217"]
[BlackElo "2308"]
[PlyCount "135"]
[EventDate "2019.??.??"]

1. e4 e6 2. d4 d5 3. Nc3 dxe4 4. Nxe4 Nd7 5. Nf3 Ngf6 6. Nxf6+ Nxf6 7. c3 c5 8.
Ne5 a6 9. Bd3 cxd4 10. cxd4 Bb4+ 11. Kf1 O-O 12. Bg5 Be7 13. h4 Bd7 14. Kg1 Bb5
15. Bc2 Rc8 16. a4 Bc6 17. Nxc6 Rxc6 18. Qd3 g6 19. h5 Nxh5 20. Bh6 Re8 21.
Rxh5 Rxc2 22. Qxc2 gxh5 23. Qc3 Bf6 24. Qf3 Qxd4 25. Rd1 Qg4 26. Qxg4+ hxg4 27.
Rd7 Bxb2 28. Rxb7 Bg7 29. Be3 Rc8 30. Ra7 h5 31. Rxa6 Rc3 32. Ra8+ Kh7 33. Ra5
e5 34. Ra8 Ra3 35. Kf1 g3 36. a5 gxf2 37. Kxf2 f5 38. a6 e4 39. a7 f4 40. Bc5
Ra2+ 41. Kg1 e3 42. Re8 Ra1+ 43. Kh2 Bc3 44. a8=Q Rxa8 45. Rxa8 e2 46. Bf2 e1=Q
47. Bxe1 Bxe1 48. Ra6 Bf2 49. Ra2 Bd4 50. Ra4 Be3 51. Ra6 Kg7 52. Rc6 Bf2 53.
Rc2 Bd4 54. Kh3 Kg6 55. Kh4 Bf6+ 56. Kh3 Bd4 57. Rd2 Be3 58. Re2 Bc5 59. Rc2
Bd4 60. Rd2 Be3 61. Re2 Bd4 62. Ra2 Be3 63. Rc2 Bd4 64. Re2 Be3 65. g3 Kf5 66.
Kh4 Ke4 67. Kxh5 Kf3 68. gxf4 1/2-1/2

[Event "2BLS 1819 SF Bad Mergentheim - FB Mörl"]
[Site "?"]
[Date "2019.02.02"]
[Round "5.8"]
[White "Gross, Willi"]
[Black "Wrede, Michael"]
[Result "1/2-1/2"]
[WhiteElo "2122"]
[BlackElo "2175"]
[PlyCount "38"]
[EventDate "2019.??.??"]

1. d4 e6 2. Nf3 f5 3. g3 b6 4. Bg2 Bb7 5. O-O Nf6 6. c4 Be7 7. Nc3 O-O 8. d5
Bb4 9. Nh4 Bxc3 10. bxc3 Qc8 11. Re1 Na6 12. Ba3 Re8 13. Qd2 Nc5 14. Bxc5 bxc5
15. dxe6 dxe6 16. Qe3 Bxg2 17. Nxg2 Ne4 18. f3 Nd6 19. Qxc5 Qa6 1/2-1/2

[Event "2BLS 1819 TSV Schönaich - OSG Baden-Ba"]
[Site "?"]
[Date "2019.02.02"]
[Round "5.1"]
[White "Gledura, Benjamin"]
[Black "Hirneise, Tobias"]
[Result "1-0"]
[WhiteElo "2615"]
[BlackElo "2460"]
[PlyCount "109"]
[EventDate "2019.??.??"]

1. Nf3 c5 2. c4 Nc6 3. Nc3 Nf6 4. g3 d5 5. d4 e6 6. cxd5 Nxd5 7. Bg2 cxd4 8.
Nxd4 Nxc3 9. bxc3 Nxd4 10. Qxd4 Qxd4 11. cxd4 Bb4+ 12. Bd2 Bd6 13. f4 Rb8 14.
Kf2 Bd7 15. Rab1 b6 16. e4 O-O 17. Rhc1 Rfc8 18. Ke3 Rxc1 19. Rxc1 Rc8 20.
Rxc8+ Bxc8 21. Bf1 Bd7 22. g4 g5 23. Kf3 gxf4 24. Bxf4 Ba3 25. Ba6 Bc6 26. Bb8
f5 27. gxf5 exf5 28. d5 fxe4+ 29. Kxe4 Bd7 30. d6 Kf7 31. Kd5 Bc5 32. Bxa7 Bg1
33. h4 h5 34. Be2 Bf2 35. Bxh5+ Kf6 36. a3 Bc5 37. Bd1 Bxa3 38. Bxb6 Bc1 39.
Bh5 Kf5 40. Bf7 Kf6 41. Bg8 Bf4 42. Bd8+ Kg7 43. Be6 Ba4 44. d7 Bxd7 45. Bxd7
Bc1 46. Ke6 Bb2 47. Bg5 Bc3 48. Bb5 Bd4 49. Bd3 Bc3 50. h5 Bd4 51. h6+ Kg8 52.
Bc4 Bc3 53. Ke7+ Kh8 54. Kf7 Bd4 55. Bd3 1-0